000 01150nam0a22002891 4500
001 rc\4393296
005 20250611165328.0
021 _aRU
_b[66-94478]
035 _a(NLR Aleph) 008294937
090 _a8599610
_c8599610
100 _a20130416d1966 |||y0rusy50 ca
101 1 _arus
_clit
102 _aRU
105 _aa z |||||
200 1 _aСтучусь в дверь
_eНовеллы
_f[Перевод с литов. Г. Канович
_gИл.: Л. Рамонене]
210 _aВильнюс
_cVaga
_d1966
215 _a386 с.
_cил.
_d17
327 0 _aРазделы: Плывут облака; Черное эхо; В плену у восхода; На том берегу
464 0 _12001#$aПлывут облака$eРаздел$aЧерное эхо$eРаздел$aВ плену у восхода$eРаздел$aНа том берегу$eРаздел
_tНа том берегу
700 1 _aДаутартас
_bВ.
_gВладас
702 1 _aКанович
_bГ.
_4730
702 1 _aРамонене
_bЛ.
_4440
801 0 _aRU
_bNLR
_gpsbo
801 1 _aRU
_bELAR
_2rusmarc
852 _aNLR
_j67-2/65
942 _cBOOK
980 _aNB